| 000 | 00433cam a2200145 4500 | ||
|---|---|---|---|
| 008 | 090521n 000 0 eng u | ||
| 020 | _a0865778647 | ||
| 035 | _a(Sirsi) a165456 | ||
| 050 | _aRC 78.7 MOE 1999 | ||
| 100 | _aMoeller, Torsten B. | ||
| 245 |
_aNormal findings in CT and MRI/ _cTorsten B.Moeller, Emil Reif |
||
| 260 |
_aNew York: _b library of congress, _c 1999 |
||
| 300 |
_avi, 250 p. : _bill. |
||
| 700 | _aReif, Emil | ||
| 999 |
_c111005 _d111005 |
||